000 00264nam a2200109Ia 4500
008 220204s9999 xx 000 0 und d
082 _a82-3
_bDEV
100 _aDevoto, Bernard
245 4 _aThe Portable Mark Twain
260 _aEngland
_bPenguin
_c1977
942 _cBK
999 _c33060
_d33060